| 000 | 00949cam a2200253 i 4500 | ||
|---|---|---|---|
| 003 | SA-RiAUC | ||
| 005 | 20240924112718.0 | ||
| 008 | 240922s1977 le g 00000bara c | ||
| 040 |
_aSA-RiKSU _bara _cSA-RiAUC _erda |
||
| 082 | 0 | 4 | _a234.65 |
| 090 |
_a234.65 _bص ا ل |
||
| 100 | 1 |
_aصالح، حسن عبد الحميد _eمؤلف. |
|
| 245 | 1 | 2 |
_aالحافظ أبو طاهر السلفي 475-576 هـ / _cتأليف حسن عبد الحميد صالح. |
| 250 | _aالطبعة الاولى. | ||
| 264 | 1 |
_aبيروت : _bالمكتب الإسلامي، _c1977 |
|
| 300 | _a272 صفحة | ||
| 336 |
_aنص _btxt _2rdacontent _3كتاب |
||
| 337 |
_aبدون وسيط _bn _2rdamedia |
||
| 338 |
_aمجلد _bnc _2rdacarrier |
||
| 600 | 1 | 7 |
_aالسلفي، أحمد بن محمد بن سلفة، _d478-576 هجري _2aucnm |
| 650 | 7 |
_aالمحدثون _vتراجم _2aucsh |
|
| 942 |
_2ddc _cBOOK _n0 |
||
| 949 |
_aSA-JeALM _d240922 _umohamedma123 _n1 |
||
| 999 |
_c524 _d524 |
||